| 000 | 01102cad a22002775a 4500 | ||
|---|---|---|---|
| 001 | E151711 | ||
| 008 | 101206s2010 xxk f 100 0 eng d | ||
| 020 | _a9781842196199 | ||
| 035 | _a(Sirsi) u151711 | ||
| 041 | 0 | _aeng | |
| 100 | 1 | _aOlsen, Darren | |
| 111 | 2 |
_aConstruction and Building Research Conference _cDauphine Universite, Paris _d2-3 September 2010 |
|
| 245 | 0 | 0 |
_aBuilding information models as contract documents _bcommon practice for the U.S. construction industry, a preliminary report _h[electronic resource] |
| 260 |
_aLondon _bRICS _c2010 |
||
| 520 | _aA paper presented at the COBRA Conference in Paris on 2-3 September 2010. BIM | ||
| 590 | _aKA | ||
| 650 | 2 | 4 | _aCONSTRUCTION AND BUILDING RESEARCH CONFERENCE (COBRA) |
| 650 | 2 | 4 | _aBUILDING INFORMATION MODELLING |
| 650 | 2 | 4 |
_aBIM _96219 |
| 651 | 4 |
_aUnited States _y1959- |
|
| 690 | _aBUILT ENVIRONMENT-BUILDING CONTRACT FORMS | ||
| 690 |
_aBIM _96219 |
||
| 700 | 1 | _aTaylor, J. Mark | |
| 856 | 4 | 0 |
_uhttps://www.rics.org/site/scripts/download_info.aspx?fileID=8002&categoryID=720 _zBroken link - not available |
| 942 | _n0 | ||
| 999 |
_c111559 _d111559 |
||